Click-a-Blue Quiz Stats

 Plays Quiz Updated Dec 19, 2017

Challenge
Share
Tweet
Embed
Score 0/15 Timer 03:00
0 Plays Today
% Correct
Bluetooth
95.1%
Blue Moon
94.9%
Blue Jeans
94.8%
Blue Cheese
93.7%
Pokémon Red and Blue
93%
Toronto Blue Jays
90.1%
Blue Mosque
90.1%
Blue Man Group
89.9%
% Correct
Vida Blue
85.1%
Blue Öyster Cult
81.9%
Columbus Blue Jackets
80.6%
The Blue Lagoon
80.4%
Behind Blue Eyes
79.8%
Deep Blue
76%
Blue Hole
66.8%

You're not logged in!

Compare scores with friends on all Sporcle quizzes.
OR
Log In

You Might Also Like...

Show Comments

Extras

Top Quizzes Today


Score Distribution

Your Account Isn't Verified!

In order to create a playlist on Sporcle, you need to verify the email address you used during registration. Go to your Sporcle Settings to finish the process.

Report this User

Report this user for behavior that violates our Community Guidelines.

Details: